<?xml version="1.0" encoding="UTF-8"?><?xml-stylesheet type="text/xsl" href="static/style.xsl"?><OAI-PMH xmlns="http://www.openarchives.org/OAI/2.0/" xmlns:xsi="http://www.w3.org/2001/XMLSchema-instance" xsi:schemaLocation="http://www.openarchives.org/OAI/2.0/ http://www.openarchives.org/OAI/2.0/OAI-PMH.xsd"><responseDate>2026-06-02T03:39:58Z</responseDate><request verb="GetRecord" identifier="oai:riubu.ubu.es:10259/7259" metadataPrefix="marc">https://riubu.ubu.es/oai/request</request><GetRecord><record><header><identifier>oai:riubu.ubu.es:10259/7259</identifier><datestamp>2023-03-17T11:43:18Z</datestamp><setSpec>com_10259_3847</setSpec><setSpec>com_10259_5086</setSpec><setSpec>com_10259_2604</setSpec><setSpec>col_10259_7109</setSpec></header><metadata><record xmlns="http://www.loc.gov/MARC21/slim" xmlns:doc="http://www.lyncode.com/xoai" xmlns:xsi="http://www.w3.org/2001/XMLSchema-instance" xmlns:dcterms="http://purl.org/dc/terms/" xsi:schemaLocation="http://www.loc.gov/MARC21/slim http://www.loc.gov/standards/marcxml/schema/MARC21slim.xsd">
<leader>00925njm 22002777a 4500</leader>
<datafield tag="042" ind1=" " ind2=" ">
<subfield code="a">dc</subfield>
</datafield>
<datafield tag="720" ind1=" " ind2=" ">
<subfield code="a">Casado Vara, Roberto Carlos</subfield>
<subfield code="e">author</subfield>
</datafield>
<datafield tag="720" ind1=" " ind2=" ">
<subfield code="a">Prieto, Javier</subfield>
<subfield code="e">author</subfield>
</datafield>
<datafield tag="720" ind1=" " ind2=" ">
<subfield code="a">Prieta, Fernando de la</subfield>
<subfield code="e">author</subfield>
</datafield>
<datafield tag="720" ind1=" " ind2=" ">
<subfield code="a">Corchado, Juan M.</subfield>
<subfield code="e">author</subfield>
</datafield>
<datafield tag="260" ind1=" " ind2=" ">
<subfield code="c">2018</subfield>
</datafield>
<datafield tag="520" ind1=" " ind2=" ">
<subfield code="a">Current supply chain is a linear economy model that directly or indirectly fulfills supply needs. But this model has some disadvantages, such as the relationships between the members of the supply chain or the lack of information for the consumer about the origin of the products. In this paper we propose a new model of supply chain via blockchain. This new model enables the concept of circular economy and eliminates many of the disadvantages of the current supply chain. In order to coordinate all the transactions that take place in the supply chain a multi-agent system is created for this paper.</subfield>
</datafield>
<datafield tag="024" ind2=" " ind1="8">
<subfield code="a">1877-0509</subfield>
</datafield>
<datafield tag="024" ind2=" " ind1="8">
<subfield code="a">http://hdl.handle.net/10259/7259</subfield>
</datafield>
<datafield tag="024" ind2=" " ind1="8">
<subfield code="a">10.1016/j.procs.2018.07.193</subfield>
</datafield>
<datafield ind1=" " ind2=" " tag="653">
<subfield code="a">Blockchain</subfield>
</datafield>
<datafield ind1=" " ind2=" " tag="653">
<subfield code="a">Agriculture supply chain</subfield>
</datafield>
<datafield ind1=" " ind2=" " tag="653">
<subfield code="a">Smart contract</subfield>
</datafield>
<datafield ind1=" " ind2=" " tag="653">
<subfield code="a">Circular economy</subfield>
</datafield>
<datafield ind1=" " ind2=" " tag="653">
<subfield code="a">Multi-agent system</subfield>
</datafield>
<datafield tag="245" ind1="0" ind2="0">
<subfield code="a">How blockchain improves the supply chain: case study alimentary supply chain</subfield>
</datafield>
</record></metadata></record></GetRecord></OAI-PMH>